| 000 | 00672nam a2200229Ia 4500 | ||
|---|---|---|---|
| 003 | OSt | ||
| 005 | 20220928111807.0 | ||
| 006 | a|||||r|||| 00| 0 | ||
| 007 | ta | ||
| 008 | 220927b |||||||| |||| 00| 0 eng d | ||
| 024 | _a121341 | ||
| 037 | _cTextual | ||
| 040 |
_aSDCL _cSDCL _beng |
||
| 041 |
_2eng _aeng |
||
| 082 | _aX:517.2'N64t, K5 | ||
| 100 |
_aIndia,Monopolies Inquiry (Commission)(1964)(Chirman : K C Das Gupta) _9425117 |
||
| 245 | 0 | _aReport,1965. | |
| 260 | _c1965 | ||
| 300 |
_aii,438p _ccm. |
||
| 942 |
_hX:517.2'N64t, K5 _cTEXL _2CC |
||
| 999 |
_c742122 _d742122 |
||